MARC

LEADER 00000cam a2200000 7i4500
001 0000024998
005 20131118.0
008 131113 my a f may
040 |a INS 
090 0 0 |a M326 
110 1 |a Kursus teknik persembahan berkesan ,   |d 2012 23 - 26 April   |c INSPEN, Bangi 
245 0 0 |a Kursus teknik persembahan berkesan :   |b 23 - 26 April 2012   |c Anjuran Pusat Pembangunan Profesional dan Eksekutif, INSPEN 
260 |a Bangi :   |b Institut Penilaian Negara ,   |c 2012 
300 |a 1v. ( Mukasurat pelbagai ) :   |b ill. ;   |c 30 cm. 
650 0 |a Business presentations 
650 0 |a Public speaking 
710 1 |a INSPEN ( Institut Penilaian Negara ) 
856 |u http://app.inspen.gov.my:7779/pls/portal/docs/PAGE/CORPORATEPAGES/PORTAL_INSPEN/NOTA_KURSUS/MANAGEMENT/KURSUS%20TEKNIK%20PERSEMBAHAN%20BERKESAN%202326042012.PDF 
999 |a M000000762   |b BOOK   |c Course Notes   |e Default branch 
999 |a M000000763   |b BOOK   |c Course Notes   |e Default branch 
999 |a M000000847   |b BOOK   |c Course Notes   |e Default branch